| 000 | 01005nam a22003017a 4500 | ||
|---|---|---|---|
| 003 | CHAP | ||
| 005 | 20220329134603.0 | ||
| 008 | 971013s1983 r 00010 d | ||
| 010 | _a22622 | ||
| 011 | _a23594 | ||
| 035 | _a27690 | ||
| 040 | _cCHAP | ||
| 090 | _aTesis | ||
| 100 | 0 | 0 |
_aAvalos Pérez, Roberto. _98463 |
| 245 | _aEstimación de parámetros genéticos en algunas características de sorgo (Sorghum bicolor (L.) Moench) | ||
| 260 |
_aSaltillo, Coah. : _bEl autor, _c1983 |
||
| 300 |
_a62 h. _b: ilus |
||
| 502 | _aTesis (M.C. Esp. en Fitomejoramiento) -- Univ. Autónoma Agraria Antonio Narro | ||
| 590 |
_aALEPH _b10 _c20130110 _lUCH01 _h1246 |
||
| 590 |
_aBATCH-UPD _b10 _c20130110 _lUCH01 _h2314 |
||
| 590 |
_aBATCH-UPD _b10 _c20130410 _lUCH01 _h1605 |
||
| 590 |
_aBATCH-UPD _b10 _c20130914 _lUCH01 _h0430 |
||
| 590 |
_aCONVERSION _b10 _c20130109 _lUCH01 _h1313 |
||
| 650 | 1 | 4 |
_aSorgo _xGenética. _9108673 |
| 901 | _aBK | ||
| 942 | _cTESIS | ||
| 949 |
_bBC _cTES _d-64140 _eTS1 _h19571 _i27690 _si |
||
| 999 |
_c22622 _d22622 |
||